00394nam a2200157Ia 45000010006000000050017000060080041000230410008000640820015000721000039000872450057001262600009001833000028001926500008002206540008002281503220260306164958.0260306t2012||||xx |||||||||||||| ||spa|| aESP a526.9bF41 aFernández García, SilvinoeAUT 0aTopografía y geomática básicas en ingeniería c2012 a362 páginas :c24 cm. aGEN aCIC